000 00372 a2200157 4500
001 48531
020 _a978019429164
040 _cAnchieta - Bela Vista
100 _aTill, Julie
240 1 0 _aMystery in Muscat
_lpor
245 1 0 _aMystery in Muscat
300 _a51
362 0 _a2011
650 4 _aInglês básico aplicado, inclusive termos estrangeiros
942 _cBK
999 _c48531
_d48531